000 00749nam a22002657a 4500
005 20190916122218.0
008 190916b xxu||||| |||| 00| 0 spa d
020 _a9789587715262
041 _aspa
082 _a153.35 G182c
100 _aGalván, Liliana
_955872
245 _aCreatividad para el cambio: innovación para la vida y la empresa
260 _aColombia
260 _bEcoe Ediciones
260 _c2017
300 _a164 páginas
650 _aCREATIVIDAD
_955873
650 _aINNOVACIÓN
_91005
650 _aCAMBIO
_95659
650 _aFASES DEL PROCESO CREATIVO
_955874
650 _aLEYES DEL PERFECCIONAMIENTO
_955875
650 _aRELACIONES DIGITALES
_955876
650 _aGERENCIA DEL CAMBIO
_955877
942 _cBK
999 _c12333
_d12333